000 00447nam a2200181Ia 4500
001 11057
005 20260306161918.0
008 260306t2004||||xx |||||||||||||| ||spa||
041 _aESP
082 _a985.0018
_bR24
100 _aRamos Núñez, Carlos Augusto
_eAUT
245 0 _aJorge Basadre, historiador del derecho
260 _c2004
300 _a58 páginas :
_c20 cm.
650 _aGEN
654 _aCHU
942 _cLIB
_dJUS
_fJUS
_2ddc
_n
999 _c11057
_d11057